[Event "Braunfels SM 2025"]
[Site "?"]
[Date "2025.03.11"]
[Round "3"]
[Board "3"]
[White "Hilgert, Felix"]
[Black "Henzelmann, Matthias"]
[Result "1-0"]
[WhiteElo "1840"]
[BlackElo "1568"]
[PlyCount "55"]
[GameId "2154004775393666"]
[SourceVersionDate "2025.02.08"]

{[%evp 13,55,9,24,34,39,28,52,49,84,73,91,95,106,49,40,4,0,-27,-2,-17,-27,-25,-29,-20,-28,-22,-24,-40,10,10,49,8,4,3,40,0,464,460,464,484,491,492,1018,1029]} 1. Nf3 e6 2. g3 Nf6 3. Bg2 d5 4. d4 c5 5. O-O Nc6 6. c4 dxc4 7. dxc5 Bxc5 8. Qxd8+ {E04: Katalanisch.} Kxd8 9. Nbd2 $1 {Gegen Se4 gerichtet.} c3 10. bxc3 {Weiß steht etwas besser.} Rb8 $146 (10... Kc7 11. Nb3 b6 12. Nxc5 bxc5 13. Bf4+ Kb6 14. Rab1+ Ka6 15. Ne5 Nxe5 16. Bxe5 Bd7 17. Bxa8 Rxa8 18. Bxf6 gxf6 {1-0 Brancaleoni,M (2180)-Gyenes,M (2205) Titled Tuesday intern op 03rd Sep Early Chess.com INT blitz 2024 (4)}) 11. Nb3 Bd6 12. Rd1 Ke7 13. Nfd4 {[%eval 49,18]} ({Vorzuziehen ist} 13. Ng5 $16 {[%eval 106,19][%cal Od1d6] Und Txd6! würde nun gewinnen.} Nd8 14. Nd2) 13... Nxd4 $14 14. Nxd4 {[%eval 4,18]} (14. cxd4 $14 {[%eval 40,16]} Bd7 15. e4) 14... Bd7 $11 15. Rb1 b5 16. Bg5 Rhc8 17. Rd3 h6 18. Bxf6+ gxf6 19. Rbd1 {[%cal Od4f5]} Rb6 20. h4 e5 {[%eval 10,21]} (20... Rc7 $15 {[%eval -40,20]}) 21. Nc2 {[%cal Bd4c2,Bc2e3,Be3f5][%mdl 32]} Bf5 {[%eval 49,21]} (21... Be6 $11 {[%eval 10,22] verdient Beachtung.}) 22. e4 {[%eval 8,21]} (22. Ne3 $1 $14 {[%eval 49,21]} Be6 (22... Bxd3 23. Nd5+ Kf8 24. Nxb6 $14) 23. Nd5+ Bxd5 24. Bxd5) 22... Be6 {[%cal Ob6a6]} 23. Ne3 a6 {[%eval 40,20]} (23... Bxa2 $2 {zu gefräßig.} 24. Nf5+ Kf8 25. Rxd6 $18 (25. Nxd6 Ra8 $18)) (23... Bc5 $11 {[%eval 3,20]}) 24. Bf1 {[%eval 0,21]} (24. Bh3 $14 {[%eval 40,20]}) 24... Bxa2 $2 {[%eval 464,21][%mdl 8192] [#]} (24... Bc5 $11 {[%eval 0,21]}) 25. Nf5+ $18 {Weiß steht klar auf Gewinn.} Kf8 26. Rxd6 ({Bloß nicht} 26. Nxd6 Ra8 27. c4 (27. Nf5 Rbb8 $18) 27... Bxc4 $18) 26... Rxd6 27. Rxd6 Ke8 {[%eval 1018,19]} (27... Be6 $142 {[%eval 492,21]} 28. Rxa6 Bxf5 29. exf5 Rxc3 30. Rxf6 (30. Bxb5 e4 $18) 30... Kg7) 28. Rxa6 {Gewichteter Fehlerwert: Weiß=0.13 (sehr präzise) /Schwarz=0.74  Verlustzug:     	---       	Schwarz=1     Fehler:       	Weiß=4     	Schwarz=4     Ungenau:       	Weiß=1     	Schwarz=1     OK:         	Weiß=9     	Schwarz=6     Bester:       	Weiß=2     	Schwarz=2} 1-0

[Event "Braunfels SM 2025"]
[Site "?"]
[Date "2025.03.07"]
[Round "3"]
[Board "4"]
[White "Stehning, Michel"]
[Black "Risius, Jörg"]
[Result "1-0"]
[WhiteElo "1660"]
[BlackElo "1288"]
[PlyCount "41"]
[GameId "525878359813"]
[SourceVersionDate "2025.02.08"]

{[%evp 11,41,0,36,4,7,9,41,9,25,14,20,7,14,1,25,-13,3,-9,-9,0,19,20,113,135,121,121,182,182,523,617,622,675]} 1. d4 Nf6 2. Bf4 e6 3. e3 d5 4. Nf3 Be7 5. Nbd2 O-O 6. Bd3 Nbd7 {[%eval 36,18]} (6... Nh5 $11 {[%eval 0,18]}) 7. Qe2 {D02: Damenbauernspiele.} c5 8. c3 b6 9. h4 {Weiß steht etwas besser.} Bb7 10. h5 h6 11. Ne5 Nxe5 12. Bxe5 Bd6 $146 (12... Nd7 13. Bh2 Re8 14. O-O-O Bf6 15. f4 Rc8 16. Kb1 c4 17. Bc2 b5 18. Kc1 a5 {0-1 Eichhorn,E (1306)-Meixner,P (1669) Vienna State-chC 2022 (5)}) 13. Qf3 {[%eval -13,19]} (13. O-O-O $142 {[%eval 25,17]}) 13... Bxe5 $11 14. dxe5 {Eine scharfe Eröffnung} Nd7 15. Qg3 (15. Qf4 {vereinfacht} f6 16. exf6 Qxf6 17. Qxf6 Rxf6 18. Rd1) 15... f6 16. Qg6 {[#] jetzt Dh7+ und aus.} Nxe5 {[%eval 113,17]} (16... fxe5 $11 {[%eval 20,20] hält das Gleichgewicht.} 17. Qh7+ Kf7) 17. Qh7+ $16 Kf7 {und ...f5 wäre nun die Entscheidung} 18. Bg6+ Nxg6 {[%eval 182,14]} (18... Ke7 $16 {[%eval 121,19] war nötig.}) 19. hxg6+ $18 Ke7 $2 {[%eval 523,15] [#]} (19... Ke8 {[%eval 182,20]}) 20. Qxg7+ ({Minderwertig wäre} 20. Rxh6 Rg8 $15) 20... Kd6 21. Qxb7 {Gewichteter Fehlerwert: Weiß=0.13 (sehr präzise) /Schwarz=0.46  Fehler:       	Weiß=1     	Schwarz=3     Ungenau:       	Weiß=1     	Schwarz=1     OK:         	Weiß=3     	Schwarz=7     Bester:       	Weiß=3     	---} 1-0

[Event "Braunfels SM 2025"]
[Site "?"]
[Date "2025.03.07"]
[Round "3"]
[Board "5"]
[White "Himmelspacht, Maxim"]
[Black "Stelter, Kai"]
[Result "0-1"]
[WhiteElo "1732"]
[BlackElo "1294"]
[PlyCount "82"]
[GameId "525874889255"]
[SourceVersionDate "2025.02.08"]

{[%evp 15,82,65,65,25,46,5,48,2,82,94,85,97,94,90,90,26,44,53,63,28,22,2,0,-4,42,0,4,0,0,-8,-4,-11,29,23,57,54,87,18,15,0,17,-62,-71,-63,-58,-122,-118,-129,-129,-264,-285,-273,-273,-419,-447,-442,-458,-451,-497,-548,-579,-575,-622,-562,-630,-613,-639,-624,-620]} 1. e4 e5 2. Nf3 Nc6 3. Bb5 a6 4. Bxc6 dxc6 5. O-O f6 6. d4 exd4 7. Nxd4 Bd6 8. Be3 Ne7 9. Nb3 $146 {[%eval 25,18] C69: Spanische Partie (Abtauschvariante).} (9. Nd2 $14 {[%eval 65,18]}) (9. Nd2 O-O 10. Nc4 Bc5 11. Nb3 Bxe3 12. Nxe3 b6 13. Qxd8 Rxd8 14. Rad1 Be6 15. Nd4 Bf7 16. a3 g6 {0-1 Karacsonyi,G (2394)-Hong,A (2539) Titled Tuesday intern op 12th Dec Late Chess.com INT blitz 2023 (7)}) 9... Ng6 10. c4 {[%eval 5,17]} (10. f4 $14 {[%eval 46,17]}) 10... Be6 {[%eval 48,18]} (10... Qe7 $11 {[%eval 5,17]}) 11. Qc2 {[%eval 2,18]} (11. N1d2 $14 {[%eval 48,18]}) 11... Ne5 {[%eval 82,20]} (11... Bf4 $1 $11 {[%eval 2,18]}) 12. c5 $16 {Droht Sd4 und aus.} Be7 13. Rd1 {Pariert Dd3.} Qc8 14. Nd4 O-O 15. f3 {[%eval 26,17]} (15. Nd2 $16 {[%eval 90,18]}) 15... Rd8 16. Nd2 {[%cal Bb1d2,Bd2f1,Bf1g3,Bg3e2][%mdl 32] Wehrt Sc4 ab} Bf7 17. Nf5 Bf8 18. b3 Qe6 19. Nf1 Nd7 {[%eval 42,18]} (19... a5 $11 {[%eval -4,20]}) 20. Rac1 {[%eval 4,17]} (20. N1g3 $14 {[%eval 42,18] sieht stärker aus.}) 20... a5 $11 21. Rd2 Ne5 22. Rcd1 Rxd2 23. Rxd2 Nd7 {[%eval 29,19]} (23... a4 $142 {[%eval -11,18]}) 24. N1g3 Be8 25. Ne2 Qe5 {[%cal Rf8c5] [#]} 26. f4 {[%eval 18,20] Weiß hat eine Bauernmehrheit am Königsflügel} (26. Kh1 $1 $16 {[%eval 87,17]}) 26... Qe6 27. Nfd4 (27. Ned4 $5 Qf7 $8 28. Nf3 $15) 27... Qf7 28. Nf5 {[%eval -62,19]} (28. Nf3 $1 $11 {[%eval 17,18]}) 28... g6 $15 29. Nfg3 Qe7 {[%cal Oe8f7]} 30. Qc4+ {[%eval -122,18]} (30. Nd4 $15 {[%eval -58,18]}) 30... Bf7 $17 31. Qc3 Nxc5 32. Bd4 {[%eval -264,17] Der Zug kostet die Partie für Weiß.} (32. Qc2 $17 {[%eval -129,18] ist wohl besser.}) 32... Nxe4 $19 33. Nxe4 Qxe4 34. Bxf6 {[%eval -419,18]} (34. Qc2 $142 {[%eval -273,18]} Qxc2 35. Rxc2) 34... Bd5 {[%csl Gd5][%cal Re4g2]} 35. Qg3 {Schwarz steht klar auf Gewinn.} Qb1+ 36. Kf2 Re8 {Verhindert De3.} 37. Bd4 {Weiss ist schwach auf den weissen Feldern} Bb4 38. Bc3 Bc5+ {Ein starkes Läuferpaar.} 39. Bd4 Bxd4+ {[%mdl 64] Ablenkung} 40. Rxd4 Qb2 {Verhindert Td2} 41. Qg4 {[#]} Rxe2+ $1 {[%mdl 576] Verteidiger eliminieren.   Gewichteter Fehlerwert: Weiß=0.30/Schwarz=0.10 (sehr präzise)   Fehler:       	Weiß=9     	Schwarz=4     Ungenau:       	Weiß=1     	Schwarz=2     OK:         	Weiß=4     	Schwarz=14    Bester:       	Weiß=3     	Schwarz=8} 0-1

[Event "Braunfels SM 2025"]
[Site "?"]
[Date "2025.03.07"]
[Round "3"]
[Board "7"]
[White "Ewin, Hans-Peter"]
[Black "Scheuermann, Otto"]
[Result "1-0"]
[WhiteElo "1673"]
[BlackElo "1186"]
[PlyCount "59"]
[GameId "525877946582"]
[SourceVersionDate "2025.02.08"]

{[%evp 9,59,46,87,87,439,438,1111,1137,1087,1098,1115,1098,1153,1153,1157,1147,1287,1254,1237,1194,1194,1104,1178,1133,1297,1270,1428,1400,1513,1324,1535,1412,1384,1367,1729,1426,2462,2475,29977,29977,29988,29987,29991,29992,29992,29992,29992,29991,29995,29996,29997,29998]} 1. e4 e5 2. Nf3 Nc6 3. Bc4 Nf6 4. d4 d6 5. dxe5 Nxe4 {[%eval 87,17]} (5... dxe5 $14 {[%eval 46,18]} 6. Qxd8+ Nxd8) 6. Bxf7+ $16 {[%mdl 64] [#] Hinlenkung. C56: Zweispringerspiel.} ({Viel schlechter ist} 6. Qd5 Be6 7. Qxe4 d5 $11) 6... Ke7 $2 {[%eval 439,15][%mdl 8192]} (6... Kxf7 $16 {[%eval 87,19] ist zäher.} 7. Qd5+ Ke8 8. Qxe4 dxe5) 7. Bd5 $18 Nc5 {[%eval 1111,15]} (7... dxe5 $142 {[%eval 438,16]} 8. Bxe4 Qxd1+ 9. Kxd1 Bd7) 8. Bg5+ {Weiß steht klar auf Gewinn.} Ke8 9. Bxc6+ $146 (9. Bxd8 Nxd8 10. Qe2 Be7 11. exd6 cxd6 12. Nd4 Rf8 13. O-O g6 14. Re1 Nde6 15. Bxe6 Nxe6 16. Nxe6 Bxe6 17. Qxe6 {1-0 Parra,C (1843)-Phillips,D (1107) IECG CP.2006.P.00020 email IECG email}) 9... bxc6 10. Bxd8 Kxd8 11. Ng5 Be6 12. O-O d5 13. b4 Be7 14. Qd2 h6 15. Nxe6+ Nxe6 16. a3 Bg5 17. f4 Be7 18. Nc3 Ke8 19. Ne2 Rd8 20. Nd4 Nxd4 21. Qxd4 a6 22. f5 Rf8 23. f6 gxf6 24. exf6 {Weiß setzt Matt.} Bd6 25. Rae1+ Kf7 26. Qg4 {[%csl Gf6][%cal Rg4g7]} Rg8 27. Qe6+ Kf8 28. f7 {[%csl Ge6][%cal Rf7g8]} Rh8 29. Qf6 {[%csl LRd8,LRh8][%cal Rf6h8]} Bxh2+ 30. Kxh2 {Weiß übernahm nach der Eröffnung die Kontrolle.   Gewichteter Fehlerwert: Weiß=0.10 (sehr präzise) /Schwarz=0.84  Verlustzug:     	---       	Schwarz=1     Fehler:       	---       	Schwarz=1     OK:         	Weiß=1     	---        Bester:       	Weiß=1     	---} 1-0

[Event "Braunfels SM 2025"]
[Site "?"]
[Date "2025.03.07"]
[Round "3"]
[Board "8"]
[White "Schneider, Christian"]
[Black "Eckert, Michael"]
[Result "1-0"]
[WhiteElo "1579"]
[BlackElo "1633"]
[PlyCount "55"]
[GameId "525875868201"]
[SourceVersionDate "2025.02.08"]

{[%evp 14,55,-40,-32,38,57,8,17,48,48,84,83,73,73,78,78,170,166,269,232,234,221,288,180,450,193,994,867,1079,273,833,833,2282,2146,1895,1895,2387,2132,29982,29982,29994,29995,29998,29998]} 1. e4 e5 2. Nc3 Nc6 3. f4 exf4 4. Nf3 g5 5. Bc4 g4 6. O-O gxf3 7. Qxf3 Bh6 8. d4 Qf6 {[%eval 38,18] C37: Königsspringer-Gambit (Muzio).} ({Günstiger ist} 8... d6 $1 $15 {[%eval -32,18]} 9. Bxf4 Qf6 (9... Nxd4 $2 10. Bxf7+ Ke7 11. Nd5+ Kf8 12. Qd3 $18)) 9. e5 $1 $14 Qg7 {[%eval 8,16]} (9... Qf5 $14 {[%eval 57,18] ist eher angebracht.}) 10. Nd5 $146 (10. Nb5 Nxd4 11. Nxd4 Qxe5 12. Qf2 Nf6 13. Bxf4 Bxf4 14. Rae1 {1-0 Meystre,G-Kornschober,R FRG-Cup7 sf corr GER corr 1967}) 10... Kd8 {Die Stellung ist ausgeglichen.} (10... Nxd4 {hält die Spannung aufrecht.} 11. Nxc7+ Kd8 12. Qf2 Nf3+) 11. c3 (11. Bxf4 Nxd4 12. Qa3 Bxf4 13. Rxf4 Ne6 $17 (13... Nxc2 14. Qc5 $11)) 11... Nge7 {[%eval 84,18]} (11... b5 $14 {[%eval 48,17]} 12. Bxb5 Rb8) 12. Nxf4 $16 {Weiß überlässt nun nichts mehr dem Zufall.} Bxf4 13. Bxf4 {Eine scharfe Eröffnung} Rg8 14. Bg3 {Weiß hat aktiveres Spiel.} Rf8 {[%eval 170,18]} (14... d5 $16 {[%eval 78,17]} 15. exd6 (15. Bxd5 Nf5 $11) 15... cxd6) 15. Bh4 $18 {[%cal Oh4f6]} (15. Bxf7 $6 d6 $16) 15... d6 {[%eval 269,15]} (15... Qh6 $142 {[%eval 166,17]} 16. Bf6 Ke8) 16. exd6 (16. Bxf7 Be6 17. Bxe6 Rxf3 18. Rxf3 Ke8 $16 (18... dxe5 $2 19. Rg3 $18) (18... Qh6 $2 19. Rf6 $18)) 16... cxd6 {[#]} 17. Rae1 $1 {[%cal Of3f4]} (17. Bxf7 $2 Be6 18. Bxe7+ Kxe7 $19) 17... Bd7 18. b4 {[%cal Ob4b5] b5! wäre nun fies.} a6 {[%eval 450,17]} (18... f5 {[%eval 180,19] war nötig.}) 19. a4 {[%eval 193,18]} ({Viel schwächer ist} 19. Bxf7 Rc8 20. Qf4 Kc7 $18) (19. Bxe7+ $142 {[%eval 450,17]} Nxe7 20. Qxb7 (20. Bxf7 $2 {ist das falsche Schlagen.} Bc6 $19 {[%mdl 64] Ablenkung})) 19... b5 $2 {[%eval 994,18]} (19... f5 {[%eval 193,18]}) 20. axb5 axb5 21. Bxb5 $2 {[%eval 273,18] [#]} (21. Bxe7+ {[%eval 1079,16]} Kc7 22. Bxd6+ (22. Bxf8 Qxf8 23. Bxb5 Nxd4 $18) (22. Bxf7 Nxe7 23. Rxe7 Ra7 $18) (22. Bxb5 Qh6 $18) 22... Kb6 23. Bc5+ (23. Bxf8 Rxf8 24. Qd5 bxc4 $18) (23. Bxf7 Ra3 $18) 23... Kc7 24. Qf4+ (24. Bxf8 Rxf8 25. Qf4+ Kb6 $18) (24. Bxf7 Qg5 $18) (24. Bxb5 Qg6 $18) 24... Kb7 25. Bxb5 (25. Bxf8 Qxf8 26. Bxb5 Re8 $18)) 21... Kc7 $2 {[%eval 833,15]} (21... f6 {[%eval 273,18]} 22. Bxf6 Rxf6 23. Qxf6 Qxf6 24. Rxf6 Ra3 25. Rf8+ (25. Rxd6 Rxc3 26. Rh6 Nxb4 $18) 25... Kc7) 22. Bxe7 {[%cal Bh4e7,Be7d6,Bd6c5,Bc5d4][%mdl 32]} Nxd4 {Schwarz hat schwache schwarze Felder} 23. Bxd6+ {Das Läuferpaar ist gut.} Kb6 24. Bc5+ Kc7 25. Bxd4 Qg5 26. Re5 {Weiß setzt Matt.} Qg4 27. Rc5+ Kd6 28. Qd5+ {Großartig gespielt von Schneider!   Gewichteter Fehlerwert: Weiß=0.53/Schwarz=1.57  Fehler:       	Weiß=1     	Schwarz=6     Ungenau:       	Weiß=1     	Schwarz=3     OK:         	Weiß=3     	Schwarz=1     Bester:       	Weiß=1     	---        Stark:        	Weiß=2     	---} 1-0

[Event "Braunfels SM 2025"]
[Site "?"]
[Date "2025.03.07"]
[Round "3"]
[Board "9"]
[White "Darsania, Badri"]
[Black "Kriesch, Achim"]
[Result "1/2-1/2"]
[WhiteElo "1902"]
[BlackElo "1798"]
[PlyCount "110"]
[GameId "525874035983"]
[SourceVersionDate "2025.02.08"]

{[%evp 13,110,-11,-11,-43,-27,-38,-21,-23,-27,-28,4,0,21,-5,31,23,52,19,41,37,28,24,49,33,81,84,73,80,74,64,72,75,81,63,62,41,58,51,62,11,10,2,21,11,3,-30,-24,-31,-27,-29,-13,-25,-25,-24,-28,-26,-28,-39,0,-17,0,0,0,0,0,0,0,0,40,34,42,37,45,52,48,26,36,32,33,6,27,0,28,22,42,19,20,28,41,5,6,0,4,2,1,4,4,1,3]} 1. d4 Nf6 2. Nf3 e6 3. c4 c5 4. Nc3 d5 5. e3 Nc6 6. dxc5 Bxc5 7. cxd5 exd5 8. a3 {D32: Damengambit (Tarrasch-Verteidigung).} O-O 9. b4 Bb6 10. Na4 $1 Bc7 11. Bb2 Re8 12. Be2 Ne4 $146 (12... Qd6 13. Rc1 Ne4 14. Nc3 Qg6 15. g3 Bh3 16. Nh4 Qh6 17. Nxe4 dxe4 18. Bg4 Rad8 {0-1 Rodewis,T (2384)-Wichmann,C (2299) BL2-Ost 2122 Germany 2022 (3.7)}) 13. O-O a6 {[%eval 31,17]} (13... Qd6 $11 {[%eval -5,15]}) 14. Rc1 $14 Bg4 15. Nc3 Nxc3 16. Bxc3 {Eine scharfe Eröffnung} Qd6 {[#] ...Lxf3 wäre nun fies.} 17. g3 Rad8 18. Nd4 Bh3 {[%eval 81,17]} (18... Bxe2 $1 $14 {[%eval 33,18] war vorzuziehen.} 19. Qxe2 (19. Nxe2 Qg6 $11) 19... Ne5) 19. Nxc6 $16 bxc6 20. Re1 Ra8 21. Qd4 {[%csl Gc3][%cal Rd4g7] [#]} Qg6 22. Bd3 Qh6 23. Ba1 {[%cal Oc1c6] Weiß steht aktiver.} Be5 24. Qc5 Bxa1 25. Rxa1 Qf6 26. f4 {[%eval 11,20]} (26. Be2 $14 {[%eval 62,18]}) 26... Qb2 27. Qc2 {Erfolgreiche Verteidigung Weiß} Qxc2 28. Bxc2 a5 29. bxa5 Rxa5 30. Kf2 g6 31. a4 c5 32. Rab1 Bd7 33. Red1 Bc6 34. Rb6 Rc8 35. Ra1 c4 {[%eval 0,17]} (35... Kf8 $15 {[%eval -39,17]}) 36. Ke2 Kf8 37. Kd2 $1 Ke7 38. Kc3 Kd6 39. Kd4 f5 40. h3 Rca8 {[%eval 40,20]} (40... h5 $11 {[%eval 0,23]}) 41. g4 $14 Kc7 42. Rb4 Bd7 43. gxf5 Bxf5 44. e4 dxe4 45. Rxc4+ Kd6 46. Rb1 (46. Bxe4 {vereinfacht} Bxe4 47. Kxe4 Ke6 48. Rb4) 46... R8a6 47. h4 Rd5+ 48. Ke3 {[%cal Ob1b7]} Rda5 49. Rb8 (49. Bxe4 Rxa4 50. Rxa4 Rxa4 51. Bxf5 gxf5) 49... Bd7 50. Rd8 {Schwarz muss nun Td4+ beachten.} (50. Kxe4 Bxa4 51. Bd3 Ra7) 50... Ra7 51. Rd4+ {[%eval 5,20]} ({Doch nicht} 51. Kxe4 Ke7 52. Rg8 Bxa4 53. Rg7+ Kf6 54. Rxa7 Bxc2+ 55. Rxc2 Rxa7 $11) (51. Bd1 $14 {[%eval 41,19]}) 51... Ke7 $11 {Die Stellung ist ausgeglichen.} 52. Rg8 (52. Rxe4+ $2 {verliert.} Kxd8 53. Rd4 Ke7 $19) 52... Kf7 {Lässt Tg7+ nicht zu} 53. Bb3+ Be6 54. Bxe6+ Kxe6 55. Re8+ (55. Rxe4+ Kf6 56. Ree8 Rxa4) 55... Kf7 {Gewichteter Fehlerwert: Weiß=0.11 (sehr präzise) /Schwarz=0.11 (sehr präzise)   Fehler:       	Weiß=2     	Schwarz=4     Ungenau:       	Weiß=5     	Schwarz=3     OK:         	Weiß=19    	Schwarz=15    Bester:       	Weiß=2     	Schwarz=1     Stark:        	Weiß=2     	---} 1/2-1/2

[Event "Braunfels SM 2025"]
[Site "?"]
[Date "2025.03.07"]
[Round "3"]
[Board "10"]
[White "Wüst, Klaus"]
[Black "Stelter, Matthias"]
[Result "1-0"]
[WhiteElo "1867"]
[BlackElo "1460"]
[PlyCount "76"]
[GameId "525875368318"]
[SourceVersionDate "2025.02.08"]

{[%evp 9,76,52,71,52,52,46,43,49,54,29,67,68,103,104,99,42,41,44,48,39,74,71,63,70,59,68,92,94,88,79,99,51,137,86,60,58,183,65,239,247,328,219,209,149,162,156,229,152,142,92,69,73,85,-23,-12,-10,53,-29,67,63,72,45,85,54,332,341,329,342,407]} 1. d4 d5 2. Nf3 c6 3. e3 Nf6 4. Nbd2 Nbd7 5. Bd3 e6 6. b3 {D05: Damenbauernspiele (Colle-Aufbau).} Qc7 7. Bb2 Be7 8. O-O {Weiß steht etwas besser.} O-O 9. Ne5 Re8 {[%eval 67,17]} (9... Nxe5 $11 {[%eval 29,17] kam in Betracht.} 10. dxe5 Nd7) 10. f4 $14 Nf8 {[%csl Oe5] Starkes Feld Weiß (e5)} 11. Qf3 $146 (11. g4 N6d7 12. f5 Nxe5 13. dxe5 exf5 14. gxf5 Bg5 15. Qf3 Qb6 16. Rae1 Qc7 17. Qh5 {1-0 Antonova,N (1909)-Lopang,T (1838) Olympiad Women-40 Istanbul 2012 (9.1)}) 11... b6 12. g4 {[%eval 42,17] Weiß steht deutlich aktiver. Die schwarzen Türme stehen passiv.} (12. Qh3 $16 {[%eval 99,15]}) 12... N6d7 13. Qh3 f6 {Raumvorteil Weiß} 14. Nef3 c5 15. Rac1 cxd4 16. Nxd4 Nc5 17. Be2 a6 18. c4 Qd7 19. cxd5 exd5 20. Rfd1 {[%eval 51,16]} (20. Nf5 $16 {[%eval 99,16]}) 20... Bd6 {[%eval 137,17] [#]} (20... Nfe6 $14 {[%eval 51,16]}) 21. Nf1 {[%eval 86,16]} (21. Nc4 $142 $1 {[%eval 137,17][%cal Rc4b6]} dxc4 22. Bxc4+ Kh8 23. Nf5) 21... Bb7 $16 22. Bf3 Rac8 {[%eval 183,17]} (22... Nce6 $1 $14 {[%eval 58,17]}) 23. Qg2 {[%eval 65,18]} (23. Nf5 $18 {[%eval 183,17]}) 23... Qf7 {[%eval 239,16]} (23... Ne4 $14 {[%eval 65,18]}) 24. Nf5 $1 $18 {[%csl LRd5,LRd6]} Bb8 25. Bxd5 Bxd5 26. Qxd5 Qxd5 27. Rxd5 a5 {[%eval 229,17]} (27... Rcd8 $16 {[%eval 156,18] ist wohl besser.} 28. Rcd1 Rxd5 29. Rxd5 Ncd7) 28. Bd4 Nfe6 29. Bb2 {[%eval 92,18]} (29. Bxc5 $142 {[%eval 142,19]} Rxc5 30. Rcxc5 bxc5 31. Rd7) 29... Bxf4 $16 30. exf4 Nxf4 {[#]} 31. Rcd1 {[%eval -23,18]} Nxd5 $11 32. Rxd5 Re2 {[%eval 53,18]} ({Besser ist} 32... Rcd8 $1 $11 {[%eval -10,19]} 33. Rxd8 Rxd8) 33. Rd2 {[%eval -29,20]} (33. N1g3 $14 {[%eval 53,18]} Ree8 34. Nd6) 33... Re1 {[%eval 67,20]} (33... Rxd2 $11 {[%eval -29,20]} 34. Nxd2 Re8) 34. Kf2 $36 {[%mdl 2048] Weiss drückt.} Re6 {Weiss muss nun ...Se4+ beachten.} 35. Kg2 Rce8 {[%eval 85,19]} (35... a4 $14 {[%eval 45,19]}) 36. N1g3 {[%cal Og4g5]} Kf7 $2 {[%eval 332,17][%mdl 8192]} (36... g6 $1 $14 {[%eval 54,18]}) 37. Nd6+ $18 Rxd6 38. Rxd6 Re1 {Gewichteter Fehlerwert: Weiß=0.34/Schwarz=0.43  Verlustzug:     	---       	Schwarz=2     Fehler:       	Weiß=7     	Schwarz=7     Ungenau:       	Weiß=4     	Schwarz=3     OK:         	Weiß=10    	Schwarz=8     Bester:       	Weiß=2     	Schwarz=2} 1-0

[Event "Braunfels SM 2025"]
[Site "?"]
[Date "2025.03.07"]
[Round "3"]
[Board "11"]
[White "Henzelmann, Daria"]
[Black "Maier, Dietrich"]
[Result "1/2-1/2"]
[WhiteElo "1815"]
[BlackElo "1215"]
[PlyCount "46"]
[GameId "525876442323"]
[SourceVersionDate "2025.02.08"]

{[%evp 13,46,35,41,-8,45,15,19,16,30,28,29,31,42,28,43,41,96,12,60,-35,-50,-60,0,0,5,3,0,6,76,-11,22,30,25,17,22]} 1. Nf3 Nf6 2. d4 d5 3. c4 c6 4. e3 g6 5. Be2 Bg7 6. Nc3 O-O 7. O-O Bf5 {7...a6 ist die kritische Fortsetzung.} 8. b4 {[%eval -8,18] D94: Grünfeldindisch (Geschlossenes System).} (8. Qb3 $14 {[%eval 41,18]}) 8... e6 $146 {[%eval 45,16]} (8... Nbd7 $11 {[%eval -8,18]}) (8... dxc4 9. Bxc4 a5 10. b5 c5 11. Bb2 Nbd7 12. Nh4 Nb6 13. Qe2 Bg4 14. f3 Nxc4 15. Qxc4 Be6 16. Qxc5 {0-1 Wueest,A (2234)-Cuenca Jimenez,J (2499) Titled Tuesday intern op 26th Mar Late Chess.com INT blitz 2024 (2)}) 9. Qb3 Ne4 10. Bb2 Bg4 11. Rfd1 Nd7 12. h3 Bxf3 13. Bxf3 f5 14. cxd5 exd5 {[%eval 96,18]} (14... cxd5 $14 {[%eval 41,18]} 15. Nxe4 fxe4) 15. g3 {[%eval 12,17]} ({Vorzuziehen ist} 15. Nxe4 $16 {[%eval 96,18]} fxe4 16. Be2 (16. Bxe4 Qh4 $11)) 15... Nb6 {[%eval 60,18]} (15... Rf7 $11 {[%eval 12,17]}) 16. Bxe4 {[%eval -35,16]} (16. Nxe4 $14 {[%eval 60,18]} fxe4 17. Bxe4) 16... fxe4 $15 17. Nxe4 {[%cal Bc3e4,Be4c5,Bc5d3][%mdl 32]} Nc4 {[%eval 0,16]} (17... Qd7 $15 {[%eval -60,17]} 18. Nd2 (18. Ng5 $2 h6 $19) 18... Qxh3) 18. Nc5 $11 Qf6 {Verhindert Se6} 19. Qc2 Qf3 {[%cal Oc4e3] [#] ...Sxe3! soll folgen} 20. Re1 Rae8 {[%eval 76,17]} (20... Rf7 $11 {[%eval 6,18] hält das Gleichgewicht.}) 21. Qe2 {[%eval -11,17]} (21. Nxb7 $16 {[%eval 76,17]} Nxe3 22. fxe3 Qxg3+ 23. Qg2 Rxe3 (23... Qh4 24. e4 $11 {[%mdl 64] Hinlenkung}) 24. Qxg3 Rxg3+ 25. Kh2) 21... b6 22. Qxf3 Rxf3 23. Nd3 Nxb2 {Gewichteter Fehlerwert: Weiß=0.27 (präzise) /Schwarz=0.29 (präzise)   Fehler:       	Weiß=3     	Schwarz=5     Ungenau:       	Weiß=1     	Schwarz=1     OK:         	Weiß=7     	Schwarz=1     Bester:       	Weiß=1     	---} 1/2-1/2